Con La Luna Llena - Melendi - Estadísticas

Estadísticas generales
  • Esta prueba ha sido intentada 38 veces
    31 desde el último reinicio
  • La puntuación promedio es 187 de 238
Estadísticas de respuestas
Hint Respuesta % Correcto
tu
100%
y
100%
Y
100%
el
95%
la
95%
que
95%
Que
95%
sin
95%
a
90%
en
90%
llena
90%
luna
90%
mar
90%
me
90%
No
90%
no
90%
pe
90%
te
90%
bonito
86%
como
86%
con
86%
de
86%
dentro
86%
desnuda
86%
dibujar
86%
firmamento
86%
más
86%
mas
86%
nada
86%
Pa
86%
pa
86%
quiero
86%
respirar
86%
se
86%
un
86%
universo
86%
Yo
86%
hacer
81%
E Porque
81%
porque
81%
quiere
81%
viento
81%
Dándole
76%
del
76%
está'
76%
está
76%
esta
76%
ser
76%
teta
76%
toca
76%
veas
76%
bien
71%
casa
71%
coche
71%
noche
71%
protegiéndolo
71%
sentimiento
71%
tocarte
71%
ventana
71%
vera
71%
amanecer
67%
blanca
67%
cada
67%
cuando
67%
cuesta
67%
decir
67%
derrite
67%
enredes
67%
hasta
67%
hielo
67%
luz
67%
maleta
67%
morena
67%
morirme
67%
para
67%
pelo
67%
Pero
67%
quedarme
67%
V1 Sentado
67%
sincera
67%
sol
67%
tan
67%
tanto
67%
tejado
67%
ti
67%
todavía
67%
una
67%
brillará
62%
buena
62%
cara
62%
este
62%
jugando
62%
loca
62%
mañana
62%
mano
62%
mima
62%
parchis
62%
pedirte
62%
ponga
62%
puedo
62%
quedes
62%
Quisiera
62%
quisiera
62%
subirme
62%
tener
62%
veneno
62%
volviendo
62%
ya
62%
aire
57%
cama
57%
deprimida
57%
hoy
57%
inconfesable
57%
Marte
57%
mirada
57%
muy
57%
pena
57%
sobre
57%
vicio
57%
amuleto
52%
callado
52%
desnudo
52%
ir
52%
volver
52%
Ay
48%
bruja
48%
encuentro
48%
llevo
48%
hechizarme
43%
llegar
43%
No se encontraron pruebas coincidentes
Distribución de puntuación
Porcentaje de gente con cada puntuación
Porcentaje por número respondido
Historial de tus puntuaciones
No has intentado esta prueba desde el último reinicio